[Event "6th Prague Masters 2024"]
[Site "Prague CZE"]
[Date "2024.03.02"]
[Round "5.5"]
[White "Maghsoodloo, Parham"]
[Black "Rapport, Richard"]
[Result "1/2-1/2"]
[WhiteTitle "GM"]
[BlackTitle "GM"]
[WhiteElo "2715"]
[BlackElo "2717"]
[WhiteFideId "12539929"]
[BlackFideId "738590"]
[EventDate "2024.02.27"]

1. c4 e5 2. Nc3 d6 3. e3 g6 4. d4 Nd7 5. Bd3 Bg7 6. Nge2 a5 7. O-O Ngf6 8. b3
O-O 9. f3 Re8 10. Rb1 b6 11. Bc2 c6 12. Rf2 Ba6 13. a4 d5 14. cxd5 Nxd5 15. Nxd5
cxd5 16. dxe5 Nxe5 17. Nf4 d4 18. exd4 Nxf3+ 19. gxf3 Bxd4 20. Qd2 Rc8 21. Be4
Rc5 22. Ba3 Qg5+ 23. Kh1 Bxf2 24. Qxf2 Qxf4 25. Bxc5 bxc5 26. Re1 Re5 27. Bc6
Qd4 28. Qg3 Be2 29. f4 Re3 30. Qf2 Re6 31. Kg2 Qd2 32. Kg1 Rxc6 33. Qxe2 Qd4+
34. Qe3 Rd6 35. Kg2 Qd5+ 36. Qf3 Qxf3+ 37. Kxf3 Rb6 38. Re3 f5 39. Rc3 Kg7 40.
Kf2 Rc6 41. Ke2 Kf6 42. Kd3 g5 43. fxg5+ Kxg5 44. Ke3 Re6+ 45. Kf3 Re5 46. Rd3
f4 47. Kf2 Kg4 48. Rd7 Rh5 49. Kg2 f3+ 50. Kg1 Kf4 51. Re7 Rh6 52. Rc7 Rh5 53.
Re7 h6 54. Re6 Rg5+ 55. Kf1 h5 56. Rf6+ Ke4 57. Rc6 Rd5 58. Ke1 Ke3 59. Re6+ Kf4
60. Rc6 Re5+ 61. Kf1 Ke3 62. Rd6 h4 63. Rd1 Re4 64. Rd5 c4 65. bxc4 Rxc4 66.
Re5+ Kf4 67. Rxa5 Rc1+ 68. Kf2 Rc2+ 69. Kg1 Rc1+ 70. Kf2 Rh1 71. Ra8 Rxh2+ 72.
Kf1 Ra2 73. Rf8+ Kg4 74. Rg8+ Kf4 75. Rf8+ Kg3 76. Rg8+ Kh3 77. Rf8 Kg4 78. Rg8+
Kh5 79. Rh8+ Kg5 80. Rg8+ Kf5 81. Rf8+ Ke4 82. Re8+ Kd4 83. Rd8+ Kc5 84. Rc8+
Kd6 85. Rd8+ Ke7 86. Rh8 Rxa4 87. Kf2 Rf4 88. Rh6 Kf7 89. Ra6 Kg7 90. Rb6 h3 91.
Rb1 h2 92. Rh1 Rh4 93. Kxf3 Rh6 94. Kg3 Rg6+ 95. Kxh2 Rh6+ 96. Kg2 Rxh1 97. Kxh1 1/2-1/2

[Event "6th Prague Masters 2024"]
[Site "Prague CZE"]
[Date "2024.03.04"]
[Round "6.1"]
[White "Gukesh, D"]
[Black "Bartel, Mateusz"]
[Result "0-1"]
[WhiteTitle "GM"]
[BlackTitle "GM"]
[WhiteElo "2743"]
[BlackElo "2660"]
[WhiteFideId "46616543"]
[BlackFideId "1112635"]
[EventDate "2024.02.27"]

1. d4 d5 2. c4 e6 3. Nf3 Nf6 4. Nc3 Be7 5. cxd5 exd5 6. h3 Nbd7 7. Bf4 Nf8 8. e3
Ng6 9. Bh2 Bd6 10. Ne5 c6 11. Bd3 Bxe5 12. dxe5 Nd7 13. f4 Qh4+ 14. Kd2 Nc5 15.
Bc2 O-O 16. Kc1 Rd8 17. Qf3 f5 18. exf6 Qxf6 19. g4 b5 20. Rd1 b4 21. Ne2 Ne5
22. Qg3 Nc4 23. Nd4 Re8 24. g5 Qd6 25. Bg1 Ne4 26. Qg2 a5 27. b3 Na3 28. Bxe4
Rxe4 29. Kb2 a4 30. Rac1 c5 31. Nc2 Bf5 32. Nxa3 axb3 33. axb3 Qa6 34. Ra1 bxa3+
35. Ka2 c4 36. Rab1 d4 37. b4 c3 38. b5 Qa4 39. Rdc1 Qc4+ 40. Rb3 Be6 0-1

[Event "6th Prague Masters 2024"]
[Site "Prague CZE"]
[Date "2024.03.04"]
[Round "6.2"]
[White "Vidit, Santosh Gujrathi"]
[Black "Keymer, Vincent"]
[Result "0-1"]
[WhiteTitle "GM"]
[BlackTitle "GM"]
[WhiteElo "2747"]
[BlackElo "2738"]
[WhiteFideId "5029465"]
[BlackFideId "12940690"]
[EventDate "2024.02.27"]

1. c4 Nf6 2. Nc3 e5 3. Nf3 Nc6 4. g3 Bb4 5. Bg2 O-O 6. O-O e4 7. Ng5 Bxc3 8.
bxc3 Re8 9. Qc2 Qe7 10. d3 exd3 11. exd3 d6 12. Nf3 h6 13. h3 Be6 14. Nd4 Nxd4
15. cxd4 d5 16. c5 Nh7 17. Rb1 b6 18. Bf4 Nf8 19. Rfe1 Qd7 20. c6 Qd8 21. h4 g5
22. hxg5 hxg5 23. Bd2 f6 24. f4 g4 25. f5 Bxf5 26. Rxe8 Qxe8 27. Bxd5+ Be6 28.
Re1 Bxd5 29. Rxe8 Rxe8 30. Qd1 f5 31. Qf1 Bf3 32. d5 Re7 33. Bb4 Rh7 34. Kf2 Rh1 0-1

[Event "6th Prague Masters 2024"]
[Site "Prague CZE"]
[Date "2024.03.04"]
[Round "6.3"]
[White "Nguyen, Thai Dai Van"]
[Black "Maghsoodloo, Parham"]
[Result "1-0"]
[WhiteTitle "GM"]
[BlackTitle "GM"]
[WhiteElo "2630"]
[BlackElo "2715"]
[WhiteFideId "358878"]
[BlackFideId "12539929"]
[EventDate "2024.02.27"]

1. d4 Nf6 2. c4 e6 3. Nc3 Bb4 4. Qc2 d5 5. a3 Bxc3+ 6. Qxc3 dxc4 7. Qxc4 b6 8.
Nf3 Ba6 9. Qa4+ Qd7 10. Qc2 O-O 11. Bg5 c5 12. Bxf6 gxf6 13. dxc5 Rc8 14. Rd1
Qb7 15. h4 Nd7 16. Qd2 Nxc5 17. Qh6 Ne4 18. Rh3 Rc5 19. Nd4 Qc7 20. f3 Ng3 21.
b4 Rh5 22. Qxf6 Qc3+ 23. Kf2 Nf5 24. f4 Nd6 25. Kg1 Ne4 26. Qe7 Qc8 27. b5 Bxb5
28. Re3 Ba4 29. Rdd3 Qc5 30. Rg3+ Kh8 31. Qxf7 Rg5 32. Rxg5 1-0

[Event "6th Prague Masters 2024"]
[Site "Prague CZE"]
[Date "2024.03.04"]
[Round "6.4"]
[White "Navara, David"]
[Black "Rapport, Richard"]
[Result "1/2-1/2"]
[WhiteTitle "GM"]
[BlackTitle "GM"]
[WhiteElo "2667"]
[BlackElo "2717"]
[WhiteFideId "309095"]
[BlackFideId "738590"]
[EventDate "2024.02.27"]

1. d4 Nf6 2. c4 g6 3. Nc3 Bg7 4. e4 d6 5. Nf3 O-O 6. Be2 e5 7. O-O Nc6 8. d5 Ne7
9. b4 a5 10. Ba3 b6 11. bxa5 Ne8 12. Nb5 Rxa5 13. Bb4 Ra8 14. a4 f5 15. Nd2 Bd7
16. a5 bxa5 17. Bxa5 fxe4 18. Nxe4 Rxa5 19. Rxa5 c6 20. dxc6 Bxc6 21. Ra4 Bxe4
22. c5 Bc6 23. Nxd6 Nxd6 24. cxd6 Nf5 25. Bb5 Bxb5 26. Qd5+ Kh8 27. Qxb5 Qxd6
28. Qb7 Qd8 29. Qe4 h5 30. Rfa1 Kh7 31. Ra8 Qd4 32. Qxd4 exd4 33. Rxf8 Bxf8 34.
Kf1 Kh6 35. Ke2 Kg5 36. Kd3 Kf4 37. h3 h4 38. Re1 Bd6 39. g3+ Kf3 40. Re6 hxg3
41. fxg3 Bxg3 42. Rxg6 Bf2 43. Rg4 Be3 44. Re4 Kg3 45. h4 Nxh4 46. Rxe3+ dxe3
47. Kxe3 1/2-1/2

[Event "6th Prague Masters 2024"]
[Site "Prague CZE"]
[Date "2024.03.04"]
[Round "6.5"]
[White "Abdusattorov, Nodirbek"]
[Black "Praggnanandhaa, R"]
[Result "0-1"]
[WhiteTitle "GM"]
[BlackTitle "GM"]
[WhiteElo "2744"]
[BlackElo "2747"]
[WhiteFideId "14204118"]
[BlackFideId "25059530"]
[EventDate "2024.02.27"]

1. e4 e5 2. Nf3 Nc6 3. Bb5 a6 4. Ba4 Nge7 5. O-O Ng6 6. c3 d5 7. exd5 Qxd5 8.
Bb3 Qd3 9. Bc2 Qd6 10. Re1 Be6 11. d4 Be7 12. Be3 exd4 13. Nxd4 Nxd4 14. Bxd4
O-O 15. Nd2 c5 16. Be3 Qc7 17. Qh5 Rad8 18. g3 Rd5 19. Qe2 b5 20. f4 Qc8 21. Be4
Rdd8 22. a4 Bg4 23. Qf2 Bf5 24. axb5 axb5 25. Bg2 Bh3 26. Bh1 b4 27. c4 Bf6 28.
Ra8 Qd7 29. Rxd8 Rxd8 30. Ne4 Qd3 31. Bxc5 Qxc4 32. Nd6 Qb3 33. Bf3 h6 34. Bh5
Qd5 35. Bf3 Qb3 36. Re2 Rxd6 37. Re8+ Kh7 38. Bxd6 Bd4 39. Qxd4 Qxf3 40. Qf2
Qd1+ 41. Re1 Qxd6 42. Qe3 Be6 43. Re2 Ne7 44. Qe5 Qb6+ 45. Qe3 Qxe3+ 46. Rxe3 b3
47. Kf2 g6 48. g4 Kg7 49. h3 Kf6 50. Re4 h5 51. Kg3 Nd5 52. Kh4 hxg4 53. hxg4
Kg7 54. g5 Bf5 55. Rc4 Bc2 56. Kg3 Ne3 0-1

[Event "6th Prague Masters 2024"]
[Site "Prague CZE"]
[Date "2024.03.05"]
[Round "7.1"]
[White "Praggnanandhaa, R"]
[Black "Gukesh, D"]
[Result "1/2-1/2"]
[WhiteTitle "GM"]
[BlackTitle "GM"]
[WhiteElo "2747"]
[BlackElo "2743"]
[WhiteFideId "25059530"]
[BlackFideId "46616543"]
[EventDate "2024.02.27"]

1. e4 e5 2. Nf3 Nc6 3. Bc4 Bc5 4. d3 Nf6 5. O-O d6 6. c3 a6 7. Re1 Ba7 8. Nbd2
O-O 9. Nf1 Na5 10. Bb3 Nxb3 11. axb3 h6 12. Ng3 Re8 13. h3 b5 14. b4 Bb7 15. Nh2
d5 16. Qf3 Re6 17. Nf5 Kh7 18. Qg3 Ne8 19. Ng4 dxe4 20. dxe4 Nd6 21. Nxe5 Nxf5
22. exf5 Rf6 23. Be3 Bxe3 24. Qxe3 Rxf5 25. Rad1 Qf6 26. f3 h5 27. Kh2 Bc6 28.
Nxc6 Qxc6 29. Qe7 a5 30. bxa5 Rxa5 31. Re5 b4 32. Rxa5 Rxa5 33. Qxb4 Re5 34. Qf4
Qe6 35. Rd7 Rf5 36. Qxc7 Qe2 37. Re7 Qd2 38. h4 Rf4 39. Qe5 Rxh4+ 40. Kg3 Rh1
41. Qe4+ Kh6 42. Qf4+ Qxf4+ 43. Kxf4 g5+ 44. Kg3 f5 45. Re6+ Kg7 46. Kf2 Rb1 47.
Re2 f4 48. Rd2 g4 49. g3 h4 50. gxh4 g3+ 51. Kg2 Rc1 52. Kh3 Rh1+ 53. Kg4 Rh2
54. Rd1 Rxb2 55. Kxf4 g2 56. Rg1 Rc2 57. Kg4 Kh6 58. f4 Kg6 59. c4 Rxc4 60. Rxg2
Rc1 61. h5+ Kh6 62. Re2 Rg1+ 63. Kf5 Ra1 64. Re8 Ra2 65. Kg4 Rg2+ 66. Kf3 Ra2
67. Re5 Ra1 68. Rb5 Ra2 69. Rc5 Ra1 70. Re5 Ra2 71. Kg4 Rg2+ 72. Kf5 Rf2 73. Ke4
Ra2 74. Kf3 Ra1 75. Kg4 Rg1+ 76. Kf5 Rf1 77. Re4 Ra1 78. Kf6 Kxh5 79. f5 Ra6+
80. Re6 Ra7 81. Rd6 Kh6 82. Rb6 Kh5 83. Re6 Kh6 84. Re5 Kh5 85. Re7 Ra6+ 86. Kg7
Kg5 87. Rf7 Rb6 88. f6 Ra6 89. Re7 Rxf6 90. Re5+ Rf5 91. Rxf5+ Kxf5 1/2-1/2

[Event "6th Prague Masters 2024"]
[Site "Prague CZE"]
[Date "2024.03.05"]
[Round "7.3"]
[White "Rapport, Richard"]
[Black "Nguyen, Thai Dai Van"]
[Result "0-1"]
[WhiteTitle "GM"]
[BlackTitle "GM"]
[WhiteElo "2717"]
[BlackElo "2630"]
[WhiteFideId "738590"]
[BlackFideId "358878"]
[EventDate "2024.02.27"]

1. g3 d5 2. Nf3 g6 3. c4 dxc4 4. Na3 Bg7 5. Nxc4 c5 6. Bg2 Nc6 7. d3 Nf6 8. Bd2
O-O 9. Bc3 Be6 10. O-O Rc8 11. a3 Nd4 12. Rc1 Nxf3+ 13. Bxf3 Bd5 14. Bxf6 exf6
15. Bxd5 Qxd5 16. Qa4 Qe6 17. Rfe1 a6 18. Qb3 b5 19. Nd2 Qxb3 20. Nxb3 f5 21.
Rc2 c4 22. Rec1 cxb3 23. Rxc8 Bxb2 24. Rxf8+ Kxf8 25. Rb1 Bxa3 26. Rxb3 b4 27.
Kf1 a5 28. Ke1 a4 29. Rb1 b3 30. Kd1 Bd6 31. Kc1 Be5 32. e3 Bc3 0-1

[Event "6th Prague Masters 2024"]
[Site "Prague CZE"]
[Date "2024.03.05"]
[Round "7.4"]
[White "Maghsoodloo, Parham"]
[Black "Vidit, Santosh Gujrathi"]
[Result "1-0"]
[WhiteTitle "GM"]
[BlackTitle "GM"]
[WhiteElo "2715"]
[BlackElo "2747"]
[WhiteFideId "12539929"]
[BlackFideId "5029465"]
[EventDate "2024.02.27"]

1. Nf3 d5 2. g3 Nf6 3. Bg2 e6 4. O-O Be7 5. c4 O-O 6. b3 c5 7. e3 Nc6 8. Bb2 d4
9. exd4 cxd4 10. Re1 Re8 11. d3 Bb4 12. Nbd2 e5 13. a3 Bd6 14. b4 Bf5 15. c5 Bc7
16. Nc4 a6 17. Qc2 Qd7 18. Rad1 Bg4 19. Rd2 Qf5 20. Nh4 Qh5 21. h3 Be6 22. Rde2
Bd5 23. Nd2 Bxg2 24. Kxg2 Nd5 25. Ndf3 Rad8 26. Qc4 Nf6 27. Bc1 h6 28. Re4 Nxe4
29. Rxe4 g5 30. g4 Qxh4 31. Nxh4 gxh4 32. Bxh6 1-0

[Event "6th Prague Masters 2024"]
[Site "Prague CZE"]
[Date "2024.03.05"]
[Round "7.5"]
[White "Keymer, Vincent"]
[Black "Abdusattorov, Nodirbek"]
[Result "0-1"]
[WhiteTitle "GM"]
[BlackTitle "GM"]
[WhiteElo "2738"]
[BlackElo "2744"]
[WhiteFideId "12940690"]
[BlackFideId "14204118"]
[EventDate "2024.02.27"]

1. d4 d5 2. c4 dxc4 3. e4 Nc6 4. Nf3 Bg4 5. d5 Ne5 6. Nc3 Nf6 7. Be3 a6 8. h3
Nxf3+ 9. gxf3 Bh5 10. Bxc4 e5 11. Be2 Bd6 12. Qb3 b5 13. a4 bxa4 14. Qxa4+ Nd7
15. Rg1 O-O 16. Qc2 a5 17. Nb5 Qe7 18. Na7 f5 19. Nc6 Qf7 20. h4 Kh8 21. Rg5 Qe8
22. Kd1 h6 23. Rg1 a4 24. Rxa4 Rxa4 25. Qxa4 fxe4 26. fxe4 Bxe2+ 27. Kxe2 Qh5+
28. Kd3 Qf3 29. Kc2 Nf6 30. Qc4 Nxe4 31. Rf1 Nf6 32. Rd1 Ng4 33. Re1 Nxf2 34.
Bxf2 Qxf2+ 35. Re2 Qf1 36. Qe4 Rf4 37. Qe3 Rc4+ 38. Kb3 Rxh4 0-1

[Event "6th Prague Masters 2024"]
[Site "Prague CZE"]
[Date "2024.03.06"]
[Round "8.1"]
[White "Vidit, Santosh Gujrathi"]
[Black "Rapport, Richard"]
[Result "1/2-1/2"]
[WhiteTitle "GM"]
[BlackTitle "GM"]
[WhiteElo "2747"]
[BlackElo "2717"]
[WhiteFideId "5029465"]
[BlackFideId "738590"]
[EventDate "2024.02.27"]

1. d4 d6 2. Nf3 Nf6 3. c4 g6 4. Nc3 Bg7 5. e4 O-O 6. Be2 e5 7. d5 Nbd7 8. Be3
Ng4 9. Bg5 f6 10. Bh4 Nh6 11. Nd2 g5 12. Bg3 f5 13. f3 Nf6 14. h3 f4 15. Bf2 c5
16. Qc2 Nf7 17. a3 Bd7 18. b4 b6 19. O-O-O h5 20. Kb2 Qc7 21. b5 a5 22. bxa6
Rxa6 23. Nb5 Qb7 24. a4 Rfa8 25. Ra1 Qb8 26. Nb1 Nd8 27. N1c3 h4 28. Rhb1 Nb7
29. Kc1 Bf8 30. Be1 Be7 1/2-1/2

[Event "6th Prague Masters 2024"]
[Site "Prague CZE"]
[Date "2024.03.06"]
[Round "8.2"]
[White "Gukesh, D"]
[Black "Keymer, Vincent"]
[Result "1-0"]
[WhiteTitle "GM"]
[BlackTitle "GM"]
[WhiteElo "2743"]
[BlackElo "2738"]
[WhiteFideId "46616543"]
[BlackFideId "12940690"]
[EventDate "2024.02.27"]

1. d4 Nf6 2. c4 e6 3. Nc3 Bb4 4. Nf3 d6 5. Qc2 O-O 6. Bg5 Nc6 7. a3 Bxc3+ 8.
Qxc3 h6 9. Bh4 Re8 10. O-O-O Bd7 11. e3 e5 12. Qc2 a6 13. Bd3 g5 14. dxe5 Nxe5
15. Nxe5 Rxe5 16. f4 Rc5 17. b4 Rc6 18. fxg5 Ng4 19. Bh7+ Kf8 20. Rhf1 Qe7 21.
g6 f6 22. h3 d5 23. hxg4 Rxc4 24. Rxf6+ Ke8 25. g7 Rxc2+ 26. Bxc2 Qxg7 27. Bg6+ 1-0

[Event "6th Prague Masters 2024"]
[Site "Prague CZE"]
[Date "2024.03.06"]
[Round "8.4"]
[White "Bartel, Mateusz"]
[Black "Praggnanandhaa, R"]
[Result "1/2-1/2"]
[WhiteTitle "GM"]
[BlackTitle "GM"]
[WhiteElo "2660"]
[BlackElo "2747"]
[WhiteFideId "1112635"]
[BlackFideId "25059530"]
[EventDate "2024.02.27"]

1. e4 c5 2. Nf3 Nc6 3. Bb5 Nf6 4. Nc3 d6 5. d4 cxd4 6. Qxd4 Bd7 7. Bxc6 Bxc6 8.
Bg5 e6 9. O-O-O Be7 10. Rhe1 Qa5 11. Nd5 Bxd5 12. exd5 Qxa2 13. Rd3 O-O 14. dxe6
d5 15. exf7+ Rxf7 16. Rxe7 Rxe7 17. Bxf6 gxf6 18. Qxf6 Rg7 19. Ng5 Qa1+ 20. Kd2
Qa5+ 21. c3 Qb6 22. Qxb6 axb6 23. Rxd5 h6 24. Ne4 Rxg2 25. Rd7 Rc8 26. Nf6+ Kf8
27. Nh7+ Kg8 28. Nf6+ Kf8 29. Nh7+ Kg8 30. Nf6+ Kf8 1/2-1/2

[Event "6th Prague Masters 2024"]
[Site "Prague CZE"]
[Date "2024.03.07"]
[Round "9.1"]
[White "Keymer, Vincent"]
[Black "Bartel, Mateusz"]
[Result "1/2-1/2"]
[WhiteTitle "GM"]
[BlackTitle "GM"]
[WhiteElo "2738"]
[BlackElo "2660"]
[WhiteFideId "12940690"]
[BlackFideId "1112635"]
[EventDate "2024.02.27"]

1. d4 d5 2. c4 e6 3. Nf3 Nf6 4. Nc3 Be7 5. cxd5 exd5 6. h3 Bf5 7. g4 Be6 8. Ng5
Bc8 9. Bf4 h5 10. Rg1 hxg4 11. hxg4 Nxg4 12. Qd2 f6 13. Nf3 Bf5 14. e3 Qd7 15.
Bd3 Na6 16. Qe2 g5 17. Bg3 Nh6 18. O-O-O Bxd3 19. Qxd3 Nf5 20. a3 O-O-O 21. Ne2
Bd6 22. Nd2 c6 23. Nb3 Rh3 24. Kb1 Re8 25. Ka2 Qh7 26. Rh1 Rxh1 27. Rxh1 Qd7 28.
Bxd6 Nxd6 29. Rh7 Qf5 30. Qxf5+ Nxf5 31. Rf7 Re6 32. Nc5 Nxc5 33. dxc5 b6 34. b4
bxc5 35. bxc5 d4 36. Nxd4 Nxd4 37. exd4 Re2+ 38. Kb3 Rxf2 39. Rxa7 g4 40. Rg7 f5
41. Kb4 Rb2+ 1/2-1/2

[Event "6th Prague Masters 2024"]
[Site "Prague CZE"]
[Date "2024.03.07"]
[Round "9.2"]
[White "Maghsoodloo, Parham"]
[Black "Gukesh, D"]
[Result "1/2-1/2"]
[WhiteTitle "GM"]
[BlackTitle "GM"]
[WhiteElo "2715"]
[BlackElo "2743"]
[WhiteFideId "12539929"]
[BlackFideId "46616543"]
[EventDate "2024.02.27"]

1. d4 Nf6 2. c4 e6 3. Nf3 d5 4. g3 Bb4+ 5. Bd2 Be7 6. Bg2 O-O 7. O-O c6 8. b3 b6
9. Bc1 Nbd7 10. Bb2 a5 11. Qc2 Ba6 12. Nbd2 c5 13. Rac1 Rc8 14. Qb1 dxc4 15.
Nxc4 b5 16. Nce5 Nxe5 17. Nxe5 Qb6 18. Rc2 Rc7 19. dxc5 Bxc5 20. Nd3 Bd6 21.
Rxc7 Qxc7 22. Rc1 Qe7 23. Ne5 Bb7 24. Bxb7 Bxe5 25. Bc6 Bxb2 26. Qxb2 b4 27. Qe5
Qd8 28. Rc4 h6 29. Kg2 Qb6 30. Bf3 Qd8 31. Rd4 Qb6 32. Rc4 Qd8 33. Rc6 Re8 34.
Ra6 Nd5 35. e3 Re7 36. Qd4 Rd7 37. Qc5 Rc7 38. Qxa5 Nxe3+ 39. fxe3 Rc2+ 40. Kh3
Qd3 41. Ra7 Qf1+ 42. Kg4 Rf2 43. Qd8+ Kh7 44. Rxf7 h5+ 45. Kxh5 Rxf3 46. Rf4 e5
47. Rxf3 Qxf3+ 48. Kg5 Qxe3+ 49. Kf5 Qf3+ 50. Kxe5 Qe2+ 51. Kf5 Qf2+ 52. Ke6
Qe2+ 53. Kf5 Qf2+ 54. Ke6 Qe2+ 55. Kd7 Qxh2 56. Qh4+ Qxh4 57. gxh4 Kg6 58. Ke6
Kh5 59. Kf7 Kxh4 60. Kxg7 Kg5 61. Kf7 Kf5 62. Ke7 Ke5 63. Kd7 Kd5 1/2-1/2

[Event "6th Prague Masters 2024"]
[Site "Prague CZE"]
[Date "2024.03.07"]
[Round "9.3"]
[White "Praggnanandhaa, R"]
[Black "Navara, David"]
[Result "1/2-1/2"]
[WhiteTitle "GM"]
[BlackTitle "GM"]
[WhiteElo "2747"]
[BlackElo "2667"]
[WhiteFideId "25059530"]
[BlackFideId "309095"]
[EventDate "2024.02.27"]

1. c4 Nf6 2. Nc3 e5 3. Nf3 Nc6 4. g3 d5 5. cxd5 Nxd5 6. Bg2 Bc5 7. d3 O-O 8. Bd2
Nxc3 9. Bxc3 Qe7 10. Nd2 Nd4 11. e3 Nb5 12. O-O Rd8 13. Qc2 Bf5 14. Ne4 Bb6 15.
a4 Nxc3 16. bxc3 Ba5 17. d4 exd4 18. exd4 Bxe4 19. Bxe4 Bxc3 20. Bxh7+ Kh8 21.
Qxc3 Kxh7 22. Rfe1 Qd6 23. Re4 Re8 24. Rh4+ Kg8 25. Qf3 Rad8 26. Qxb7 Qb6 27.
Qxb6 cxb6 28. Rf4 g6 29. h4 Kg7 30. Kg2 Rd5 31. Rc1 Red8 32. Rc4 f5 33. Kf3 R8d7
34. g4 a6 35. Ke3 b5 36. Rc6 a5 37. gxf5 gxf5 38. axb5 Rxb5 39. Kd3 a4 40. Ra6
Rb3+ 41. Ke2 Rb4 42. Rxf5 Rbxd4 43. f4 Rf7 44. Rxf7+ Kxf7 45. Kf3 Rd3+ 46. Kg4
a3 47. h5 Kg7 48. f5 Rb3 49. Kf4 Rh3 50. Ke5 Re3+ 51. Kf4 Rh3 52. Kg4 Rb3 53.
f6+ Kf7 54. h6 Rb4+ 55. Kf5 Rb5+ 56. Ke4 Rh5 57. Rxa3 Rxh6 58. Ra6 Rxf6 59.
Rxf6+ Kxf6 1/2-1/2

[Event "6th Prague Masters 2024"]
[Site "Prague CZE"]
[Date "2024.03.07"]
[Round "9.4"]
[White "Rapport, Richard"]
[Black "Abdusattorov, Nodirbek"]
[Result "1/2-1/2"]
[WhiteTitle "GM"]
[BlackTitle "GM"]
[WhiteElo "2717"]
[BlackElo "2744"]
[WhiteFideId "738590"]
[BlackFideId "14204118"]
[EventDate "2024.02.27"]

1. e4 e5 2. Nf3 Nf6 3. Nxe5 d6 4. Nf3 Nxe4 5. d3 Nf6 6. d4 d5 7. Bd3 Bd6 8. O-O
O-O 9. h3 Re8 10. Bg5 c6 11. c4 dxc4 12. Bxc4 Be6 13. Bxe6 Rxe6 14. Nc3 Nbd7 15.
d5 cxd5 16. Nd4 Re8 17. Nxd5 Re5 18. Nxf6+ Nxf6 19. Nf3 Re6 20. Qb3 Bc5 21. Rfe1
Qb6 22. Qxb6 axb6 23. Rxe6 fxe6 24. a3 Ne4 25. Be3 Bxe3 26. fxe3 Kf7 27. Rc1 Nc5
28. b4 Ne4 29. Rc7+ Kf6 30. Rxb7 Rxa3 31. Rxb6 Rxe3 32. b5 Rb3 33. Nd4 Rb1+ 34.
Kh2 Ke5 35. Nxe6 g5 36. Ng7 Nd6 37. Rb8 Rxb5 38. Rxb5+ Nxb5 1/2-1/2

[Event "6th Prague Masters 2024"]
[Site "Prague CZE"]
[Date "2024.03.07"]
[Round "9.5"]
[White "Nguyen, Thai Dai Van"]
[Black "Vidit, Santosh Gujrathi"]
[Result "1/2-1/2"]
[WhiteTitle "GM"]
[BlackTitle "GM"]
[WhiteElo "2630"]
[BlackElo "2747"]
[WhiteFideId "358878"]
[BlackFideId "5029465"]
[EventDate "2024.02.27"]

1. e4 c5 2. Nf3 Nc6 3. Bb5 g6 4. O-O Bg7 5. c3 Nf6 6. Re1 O-O 7. h3 e5 8. d4
cxd4 9. cxd4 Nxd4 10. Nxd4 exd4 11. Qxd4 d6 12. Nc3 Be6 13. Qb4 d5 14. e5 Nd7
15. Bf4 Rc8 16. Rad1 Nc5 17. Be3 b6 18. Qd4 Qc7 19. Bg5 Ne4 20. Nxe4 dxe4 21.
Qxe4 h6 22. Bf6 Bxf6 23. exf6 Bxa2 24. Qe3 Kh7 25. Qa3 Qc5 26. Qxa2 Qxb5 27. Re7
Kg8 28. Rxa7 Qf5 29. Qb3 Qxf6 30. Rad7 Rfd8 31. Rxd8+ 1/2-1/2